000 00828cam a2200241 4500
999 _c531949
_d531949
001 3240594
005 20191104183203.0
008 710120s1969 bcc b 001 0 eng
010 _a 79529216
020 _a0582780071
040 _cDLC
082 0 0 _a320.95492
_bCHO
100 1 _aChoudhury, G. W.
_q(Golam Wahed),
_d1926-1997.
_925136
245 1 0 _aConstitutional development in Pakistan
_c[by] G. W. Choudhury.
250 _a2d ed. rev. and enl.
260 _aVancouver,
_bPublications Centre, University of British Columbia,
_c1969.
300 _aix, 277 p.
_c23 cm.
504 _aBibliography: p. 256-260.
610 1 0 _aPakistan.
_bConstituent Assembly (1947-1954)
_91194
610 1 0 _aPakistan.
_bConstituent Assembly (Legislature)
_91193
651 0 _aPakistan
_xPolitics and government.
_9206
942 _2ddc
_cBK